000 00704nam a22002177a 4500
003 UA-OsUOA
001 108481
007 ta
008 20141021b un ||||| |||| 00| 0 ukr d
100 _aХомутенко А.В.
090 _a330(477)
_bХ76
942 _cSA
040 _aUA-OsUOA
_bukr
_cUA-OsUOA
_dUA-OsUOA
245 _aМетодологічні засади державного аудиту у сфері фінансів із позицій синергетичного підходу
300 _aС.47-57
955 _a0
041 _aukr
080 _a330(477)
773 0 _w108477
_tФінанси України
_dК.
_d2014
_g8
650 7 _a330 Економіка взагалі
_2UDC
999 _c394375
_d394375